[Event "40. Open Benasque 2021"]
[Site "Benasque ESP"]
[Date "2021.07.08"]
[Round "4.6"]
[White "Peralta, Fernando"]
[Black "Pulvett Marin, Daniel Eduardo"]
[Result "1/2-1/2"]
[WhiteElo "2566"]
[BlackElo "2476"]
[PlyCount "47"]
[EventDate "2021.07.05"]
[EventType "swiss"]
[EventRounds "9"]
[EventCountry "ESP"]
[SourceTitle "Ajedrez en Madrid"]
[Source "lmi"]
[SourceDate "2021.07.05"]
[SourceVersion "1"]
[SourceVersionDate "2021.07.12"]
[SourceQuality "1"]

1. d4 Nf6 2. c4 g6 3. Nc3 d5 4. cxd5 Nxd5 5. e4 Nxc3 6. bxc3 Bg7 7. Bc4 c5 8.
Ne2 Nc6 9. Be3 O-O 10. O-O b6 11. Qd2 Bb7 12. Rad1 Rc8 13. Bh6 cxd4 14. cxd4
Na5 15. Bd3 Nc4 16. Bxc4 Rxc4 17. Bxg7 Kxg7 18. Ng3 Qc7 19. h4 Rc2 20. Qe3 Ba6
21. Rfe1 Rc3 22. Qd2 Rc2 23. Qe3 Rc3 24. Qd2 1/2-1/2

[Event "40. Open Benasque 2021"]
[Site "Benasque ESP"]
[Date "2021.07.09"]
[Round "5.1"]
[White "Korpa, Bence"]
[Black "Nisipeanu, Liviu Dieter"]
[Result "1/2-1/2"]
[WhiteElo "2536"]
[BlackElo "2656"]
[PlyCount "42"]
[EventDate "2021.07.05"]
[EventType "swiss"]
[EventRounds "9"]
[EventCountry "ESP"]
[SourceTitle "Ajedrez en Madrid"]
[Source "lmi"]
[SourceDate "2021.07.05"]
[SourceVersion "1"]
[SourceVersionDate "2021.07.12"]
[SourceQuality "1"]

1. Nf3 f5 2. g3 Nf6 3. Bg2 g6 4. d4 Bg7 5. O-O O-O 6. b3 d6 7. Bb2 c6 8. c4 Na6
9. Nc3 Qe8 10. Re1 e5 11. e4 fxe4 12. dxe5 dxe5 13. Nxe4 Nxe4 14. Rxe4 Bf5 15.
Rxe5 Bxe5 16. Nxe5 Rd8 17. Qc1 Qe7 18. a3 Nc5 19. Qc3 Nd3 20. Nxd3 Rxd3 21. Re1
Rxc3 1/2-1/2

[Event "40. Open Benasque 2021"]
[Site "Benasque ESP"]
[Date "2021.07.09"]
[Round "5.2"]
[White "Lagarde, Maxime"]
[Black "Narciso Dublan, Marc"]
[Result "1/2-1/2"]
[WhiteElo "2648"]
[BlackElo "2519"]
[PlyCount "79"]
[EventDate "2021.07.05"]
[EventType "swiss"]
[EventRounds "9"]
[EventCountry "ESP"]
[SourceTitle "Ajedrez en Madrid"]
[Source "lmi"]
[SourceDate "2021.07.05"]
[SourceVersion "1"]
[SourceVersionDate "2021.07.12"]
[SourceQuality "1"]

1. e4 e6 2. d4 d5 3. e5 c5 4. c3 Nc6 5. Nf3 Bd7 6. Bd3 cxd4 7. cxd4 Qb6 8. O-O
Nxd4 9. Nbd2 Bc5 10. Rb1 Bb5 11. Bxb5+ Qxb5 12. b4 Nxf3+ 13. Nxf3 Bb6 14. a4
Qd7 15. a5 Bc7 16. h4 Ne7 17. h5 h6 18. Re1 Nc6 19. Qd3 O-O 20. b5 Nxa5 21.
Bxh6 gxh6 22. Rb4 Bd8 23. Rg4+ Bg5 24. Nxg5 hxg5 25. Re3 Nc4 26. Rf3 f5 27.
exf6 Qh7 28. Rxg5+ Kh8 29. Qg6 Rf7 30. g4 Nd2 31. Re3 Ne4 32. Qxh7+ Kxh7 33.
Rg6 Nxf6 34. Rxe6 Raf8 35. f4 Nxg4 36. Rxg4 Rxf4 37. Rxf4 Rxf4 38. Re7+ Kh6 39.
Rxb7 Rb4 40. Kf2 1/2-1/2

[Event "40. Open Benasque 2021"]
[Site "Benasque ESP"]
[Date "2021.07.09"]
[Round "5.3"]
[White "Forcen Esteban, Daniel"]
[Black "Merario Alarcon, Andres"]
[Result "1/2-1/2"]
[WhiteElo "2566"]
[BlackElo "2412"]
[PlyCount "76"]
[EventDate "2021.07.05"]
[EventType "swiss"]
[EventRounds "9"]
[EventCountry "ESP"]
[SourceTitle "Ajedrez en Madrid"]
[Source "lmi"]
[SourceDate "2021.07.05"]
[SourceVersion "1"]
[SourceVersionDate "2021.07.12"]
[SourceQuality "1"]

1. g3 d5 2. Nf3 Nf6 3. Bg2 e6 4. O-O Be7 5. d3 O-O 6. Nbd2 c5 7. e4 Nc6 8. Re1
Qc7 9. c3 b6 10. Qe2 Bb7 11. e5 Nd7 12. Nf1 b5 13. Bf4 Rfc8 14. h4 a5 15. h5 h6
16. Ne3 Qd8 17. Rad1 Rab8 18. Nxd5 exd5 19. e6 Nf8 20. exf7+ Kxf7 21. Bxb8 Rxb8
22. d4 c4 23. Ne5+ Nxe5 24. dxe5 Ne6 25. f4 Kg8 26. f5 Bc5+ 27. Kh2 Nf4 28. Qg4
Nxg2 29. f6 Qf8 30. Kxg2 Bc8 31. Qf3 Qf7 32. Rf1 Be6 33. Qe2 Qd7 34. Rf4 Rf8
35. Re1 b4 36. Qc2 Qe8 37. g4 a4 38. cxb4 Bxb4 1/2-1/2

[Event "40. Open Benasque 2021"]
[Site "Benasque ESP"]
[Date "2021.07.09"]
[Round "5.4"]
[White "Iturrizaga Bonelli, Eduardo"]
[Black "Pulvett Marin, Daniel Eduardo"]
[Result "1/2-1/2"]
[WhiteElo "2607"]
[BlackElo "2476"]
[PlyCount "31"]
[EventDate "2021.07.05"]
[EventType "swiss"]
[EventRounds "9"]
[EventCountry "ESP"]
[SourceTitle "Ajedrez en Madrid"]
[Source "lmi"]
[SourceDate "2021.07.05"]
[SourceVersion "1"]
[SourceVersionDate "2021.07.12"]
[SourceQuality "1"]

1. c4 g6 2. Nc3 c5 3. Nf3 Bg7 4. g3 Nc6 5. Bg2 e6 6. d4 cxd4 7. Nb5 d5 8. cxd5
Qa5+ 9. Nd2 exd5 10. Nd6+ Kf8 11. Nxc8 Rxc8 12. O-O Nf6 13. Nb3 Qb6 14. e3 h5
15. exd4 Bh6 16. Bxh6+ 1/2-1/2

[Event "40. Open Benasque 2021"]
[Site "Benasque ESP"]
[Date "2021.07.09"]
[Round "5.5"]
[White "Santos Ruiz, Miguel"]
[Black "Ubilava, Elizbar"]
[Result "1-0"]
[WhiteElo "2594"]
[BlackElo "2447"]
[PlyCount "93"]
[EventDate "2021.07.05"]
[EventType "swiss"]
[EventRounds "9"]
[EventCountry "ESP"]
[SourceTitle "Ajedrez en Madrid"]
[Source "lmi"]
[SourceDate "2021.07.05"]
[SourceVersion "1"]
[SourceVersionDate "2021.07.12"]
[SourceQuality "1"]

1. d4 Nf6 2. c4 d6 3. Nc3 Bf5 4. g3 e5 5. Nf3 Nbd7 6. Bg2 Bg6 7. Nh4 Rb8 8.
Nxg6 hxg6 9. O-O Be7 10. e3 O-O 11. b4 Re8 12. b5 exd4 13. exd4 Nb6 14. Qb3 Qd7
15. Be3 c6 16. c5 Nbd5 17. Nxd5 Nxd5 18. Bxd5 cxd5 19. cxd6 Bxd6 20. Qxd5 Rbd8
21. Rfd1 Bb8 22. Qxd7 Rxd7 23. Rac1 Red8 24. Kf1 Bc7 25. Ke2 Bb6 26. Rc4 f6 27.
h4 Kf7 28. Kd3 Ke6 29. Ke4 Kd6 30. a4 Re8+ 31. Kd3 Ke6 32. Bd2 Kf7 33. a5 Bd8
34. Re1 Rxe1 35. Bxe1 Bc7 36. Bd2 Ke7 37. Bb4+ Kd8 38. Bc3 Bd6 39. a6 b6 40.
Rc6 Be7 41. Kc4 Ba3 42. Bd2 Bd6 43. Bc1 Be7 44. Bf4 Ba3 45. Bb8 Be7 46. d5 Bc5
47. Rxc5 1-0

[Event "40. Open Benasque 2021"]
[Site "Benasque ESP"]
[Date "2021.07.09"]
[Round "5.6"]
[White "Gines Esteo, Pedro Antonio"]
[Black "Thybo, Jesper Sondergaard"]
[Result "0-1"]
[WhiteElo "2470"]
[BlackElo "2575"]
[PlyCount "52"]
[EventDate "2021.07.05"]
[EventType "swiss"]
[EventRounds "9"]
[EventCountry "ESP"]
[SourceTitle "Ajedrez en Madrid"]
[Source "lmi"]
[SourceDate "2021.07.05"]
[SourceVersion "1"]
[SourceVersionDate "2021.07.12"]
[SourceQuality "1"]

1. Nf3 c5 2. c4 Nc6 3. Nc3 e5 4. g3 g6 5. Bg2 Bg7 6. d3 d6 7. a3 Nge7 8. h4 h6
9. h5 g5 10. e4 Bg4 11. Qa4 O-O 12. Nd1 f5 13. Ne3 Bxf3 14. Bxf3 Nd4 15. Bd1 a6
16. Bd2 Nec6 17. Be2 Nxe2 18. Kxe2 Nd4+ 19. Ke1 fxe4 20. dxe4 Qf6 21. Nf5 Nxf5
22. exf5 Qxf5 23. Be3 Qe4 24. Kd2 d5 25. Bxc5 dxc4 26. Bxf8 c3+ 0-1

[Event "40. Open Benasque 2021"]
[Site "Benasque ESP"]
[Date "2021.07.10"]
[Round "6.1"]
[White "Nisipeanu, Liviu Dieter"]
[Black "Movsziszian, Karen"]
[Result "1-0"]
[WhiteElo "2656"]
[BlackElo "2474"]
[PlyCount "55"]
[EventDate "2021.07.05"]
[EventType "swiss"]
[EventRounds "9"]
[EventCountry "ESP"]
[SourceTitle "Ajedrez en Madrid"]
[Source "lmi"]
[SourceDate "2021.07.05"]
[SourceVersion "1"]
[SourceVersionDate "2021.07.12"]
[SourceQuality "1"]

1. e4 d6 2. d4 Nf6 3. Nc3 g6 4. Be3 c6 5. h3 Bg7 6. Nf3 O-O 7. a4 Nbd7 8. a5 d5
9. exd5 Nxd5 10. Nxd5 cxd5 11. Be2 e5 12. dxe5 Nxe5 13. Nxe5 Bxe5 14. c3 Bc7
15. Bf3 Be6 16. Qd4 Re8 17. O-O Bxa5 18. Bh6 f6 19. Rxa5 Qxa5 20. Qxf6 Qc7 21.
Re1 Qf7 22. Qd4 Rad8 23. Re5 b6 24. h4 Qc7 25. h5 Qf7 26. Be3 Rc8 27. Qh4 Qg7
28. Bd4 1-0

[Event "40. Open Benasque 2021"]
[Site "Benasque ESP"]
[Date "2021.07.10"]
[Round "6.2"]
[White "Demuth, Adrien"]
[Black "Lagarde, Maxime"]
[Result "1-0"]
[WhiteElo "2483"]
[BlackElo "2648"]
[PlyCount "130"]
[EventDate "2021.07.05"]
[EventType "swiss"]
[EventRounds "9"]
[EventCountry "ESP"]
[SourceTitle "Ajedrez en Madrid"]
[Source "lmi"]
[SourceDate "2021.07.05"]
[SourceVersion "1"]
[SourceVersionDate "2021.07.12"]
[SourceQuality "1"]

1. d4 Nf6 2. c4 e6 3. Nf3 d5 4. Nc3 dxc4 5. e4 b5 6. Nxb5 Nxe4 7. Qa4 Bd7 8.
Qxc4 Nc6 9. Ne5 Bb4+ 10. Nc3 Qf6 11. Be3 Bxc3+ 12. bxc3 Nxe5 13. dxe5 Qxe5 14.
Bd4 Qd5 15. Qxd5 exd5 16. Bxg7 Rg8 17. Bd4 c5 18. Be3 Rb8 19. g3 Rb2 20. Bd3
Bb5 21. O-O-O Bxd3 22. Kxb2 c4 23. Rxd3 cxd3 24. Rd1 d2 25. Kc2 Kd7 26. f3 Nd6
27. Rxd2 Kc6 28. Bf4 Nc4 29. Re2 Kd7 30. Kd3 Rg6 31. Kd4 Nb6 32. Re5 Rc6 33.
Rh5 Rc4+ 34. Kd3 Ra4 35. Be3 Nc4 36. f4 Nxe3 37. Kxe3 Ke6 38. Rxh7 Rxa2 39.
Rh6+ f6 40. g4 Kf7 41. h4 Ra3 42. Kd3 Ra4 43. g5 fxg5 44. fxg5 Rg4 45. Ke3 a5
46. Kf3 Rc4 47. h5 Rxc3+ 48. Kf4 Rc1 49. Ra6 Rf1+ 50. Ke5 Re1+ 51. Kxd5 Rd1+
52. Ke5 Re1+ 53. Kf5 Rf1+ 54. Ke5 Re1+ 55. Kf5 Rf1+ 56. Ke4 Re1+ 57. Kf4 Rf1+
58. Ke3 Re1+ 59. Kf2 Re5 60. g6+ Kg7 61. Ra7+ Kf6 62. Rf7+ Ke6 63. h6 Rg5 64.
h7 Rxg6 65. Rf8 Kd5 1-0

[Event "40. Open Benasque 2021"]
[Site "Benasque ESP"]
[Date "2021.07.10"]
[Round "6.4"]
[White "Thybo, Jesper Sondergaard"]
[Black "Korpa, Bence"]
[Result "1/2-1/2"]
[WhiteElo "2575"]
[BlackElo "2536"]
[PlyCount "25"]
[EventDate "2021.07.05"]
[EventType "swiss"]
[EventRounds "9"]
[EventCountry "ESP"]
[SourceTitle "Ajedrez en Madrid"]
[Source "lmi"]
[SourceDate "2021.07.05"]
[SourceVersion "1"]
[SourceVersionDate "2021.07.12"]
[SourceQuality "1"]

1. d4 Nf6 2. c4 e6 3. Nf3 d5 4. g3 dxc4 5. Bg2 c5 6. O-O Nc6 7. dxc5 Qxd1 8.
Rxd1 Bxc5 9. Nbd2 b5 10. a4 Ba6 11. Ng5 Nd5 12. Nde4 Bb4 13. Nc3 1/2-1/2

[Event "40. Open Benasque 2021"]
[Site "Benasque ESP"]
[Date "2021.07.10"]
[Round "6.5"]
[White "Castellanos Rodriguez, Renier"]
[Black "Forcen Esteban, Daniel"]
[Result "1/2-1/2"]
[WhiteElo "2479"]
[BlackElo "2566"]
[PlyCount "83"]
[EventDate "2021.07.05"]
[EventType "swiss"]
[EventRounds "9"]
[EventCountry "ESP"]
[SourceTitle "Ajedrez en Madrid"]
[Source "lmi"]
[SourceDate "2021.07.05"]
[SourceVersion "1"]
[SourceVersionDate "2021.07.12"]
[SourceQuality "1"]

1. e4 c5 2. Nf3 e6 3. Nc3 Nc6 4. d4 cxd4 5. Nxd4 Nf6 6. a3 d6 7. Be3 Be7 8. Be2
O-O 9. O-O Bd7 10. f4 a6 11. Kh1 Qc7 12. Qe1 Nxd4 13. Bxd4 Bc6 14. Qg3 g6 15.
Bf3 Nd7 16. Rad1 e5 17. fxe5 Nxe5 18. Be2 b5 19. Nd5 Bxd5 20. exd5 Rfe8 21. Qb3
Bf8 22. a4 Nc4 23. Bxc4 Qxc4 24. Qxc4 bxc4 25. Rfe1 Rxe1+ 26. Rxe1 Rb8 27. Kg1
f5 28. Bc3 Kf7 29. Re6 Rb6 30. Kf2 Bg7 31. a5 Rb5 32. Rxd6 Bxc3 33. bxc3 Rxa5
34. Ke3 Ra2 35. Kd4 Rxc2 36. Rxa6 Rxg2 37. Ra7+ Kf6 38. Rxh7 f4 39. Kxc4 f3 40.
Kd3 Rg5 41. Ke3 Rxd5 42. Ke4 1/2-1/2

[Event "40. Open Benasque 2021"]
[Site "Benasque ESP"]
[Date "2021.07.10"]
[Round "6.6"]
[White "Merario Alarcon, Andres"]
[Black "Iturrizaga Bonelli, Eduardo"]
[Result "1/2-1/2"]
[WhiteElo "2412"]
[BlackElo "2607"]
[PlyCount "43"]
[EventDate "2021.07.05"]
[EventType "swiss"]
[EventRounds "9"]
[EventCountry "ESP"]
[SourceTitle "Ajedrez en Madrid"]
[Source "lmi"]
[SourceDate "2021.07.05"]
[SourceVersion "1"]
[SourceVersionDate "2021.07.12"]
[SourceQuality "1"]

1. d4 Nf6 2. c4 e6 3. Nc3 c5 4. d5 exd5 5. cxd5 d6 6. e4 g6 7. h3 Bg7 8. Bd3
O-O 9. Nf3 b5 10. Bxb5 Nxe4 11. Nxe4 Qa5+ 12. Nfd2 Qxb5 13. Nxd6 Qa6 14. N2c4
Nd7 15. O-O Ne5 16. Nxe5 Qxd6 17. Nc6 Bb7 18. Be3 Bxb2 19. Rb1 Bxc6 20. Rxb2
Qxd5 21. Qxd5 Bxd5 22. Bxc5 1/2-1/2

[Event "40. Open Benasque 2021"]
[Site "Benasque ESP"]
[Date "2021.07.11"]
[Round "7.1"]
[White "Demuth, Adrien"]
[Black "Nisipeanu, Liviu Dieter"]
[Result "0-1"]
[WhiteElo "2483"]
[BlackElo "2656"]
[PlyCount "116"]
[EventDate "2021.07.05"]
[EventType "swiss"]
[EventRounds "9"]
[EventCountry "ESP"]
[SourceTitle "Ajedrez en Madrid"]
[Source "lmi"]
[SourceDate "2021.07.05"]
[SourceVersion "1"]
[SourceVersionDate "2021.07.12"]
[SourceQuality "1"]

1. Nf3 d6 2. d4 g6 3. c4 Bg7 4. Nc3 e5 5. dxe5 dxe5 6. Qxd8+ Kxd8 7. Bd2 f6 8.
O-O-O Ke8 9. h3 Be6 10. b3 Nh6 11. Nd5 Bxd5 12. cxd5 Nf7 13. e4 Bh6 14. Bxh6
Nxh6 15. Kb2 Ke7 16. Rc1 Rc8 17. Rc2 Nf7 18. Bd3 Nd6 19. Rhc1 c6 20. g4 Rd8 21.
dxc6 Nxc6 22. a3 Rac8 23. b4 Nb8 24. Rxc8 Rxc8 25. Rxc8 Nxc8 26. Kc3 Nd6 27.
Ng1 Nc6 28. Ne2 Nd8 29. f3 Ne6 30. Bc4 Ng5 31. Ng1 f5 32. h4 Ne6 33. Bxe6 Kxe6
34. Kd3 b5 35. Nh3 Kf6 36. exf5 gxf5 37. Kc3 Nc4 38. a4 a6 39. axb5 axb5 40.
Nf2 Ne3 41. Kd2 Nd5 42. Nd1 fxg4 43. fxg4 e4 44. Ke2 Ke5 45. g5 Kf4 46. Nf2
Nc3+ 47. Ke1 e3 48. Nd3+ Kg4 49. Ne5+ Kxh4 50. g6 hxg6 51. Nxg6+ Kg4 52. Ne5+
Kf4 53. Nd7 Ke4 54. Nc5+ Kd4 55. Na6 Kc4 56. Kf1 Kd3 57. Ke1 Ne4 58. Nc7 Ng5
0-1

[Event "40. Open Benasque 2021"]
[Site "Benasque ESP"]
[Date "2021.07.11"]
[Round "7.2"]
[White "Santos Ruiz, Miguel"]
[Black "Pulvett Marin, Daniel Eduardo"]
[Result "1-0"]
[WhiteElo "2594"]
[BlackElo "2476"]
[PlyCount "105"]
[EventDate "2021.07.05"]
[EventType "swiss"]
[EventRounds "9"]
[EventCountry "ESP"]
[SourceTitle "Ajedrez en Madrid"]
[Source "lmi"]
[SourceDate "2021.07.05"]
[SourceVersion "1"]
[SourceVersionDate "2021.07.12"]
[SourceQuality "1"]

1. e4 e5 2. Nf3 Nc6 3. Bc4 Bc5 4. O-O Nf6 5. d3 d6 6. c3 O-O 7. Re1 a5 8. h3 h6
9. Nbd2 Be6 10. Bxe6 fxe6 11. a4 Qe8 12. Nf1 Qg6 13. Be3 Bxe3 14. Rxe3 Nh5 15.
g3 Qf7 16. Qc2 Nf6 17. N1h2 Rae8 18. Qb3 b6 19. Rae1 Kh8 20. Kg2 Qd7 21. Qb5
Ne7 22. d4 c6 23. Qxb6 Rb8 24. Qxa5 exd4 25. cxd4 Rxb2 26. R3e2 Rb3 27. e5 Nfd5
28. exd6 Qxd6 29. Qc5 Qb8 30. Rxe6 Rc3 31. Qd6 Qb3 32. Nh4 Rc2 33. R1e2 Rf7 34.
N2f3 Rxe2 35. Rxe2 Qxa4 36. Ne5 Rf6 37. Qb8+ Kh7 38. Nd7 Qxd4 39. Nxf6+ Qxf6
40. Qe5 Qf8 41. Qe4+ g6 42. Nf3 Qf6 43. Rc2 Nf5 44. Ra2 Qg7 45. Qe5 Qb7 46. Rb2
Qa7 47. Rb8 Ng7 48. Qb2 Qe7 49. Rb7 Qf8 50. Qe5 Nf6 51. Rc7 c5 52. Qxc5 Qa8 53.
Rxg7+ 1-0

[Event "40. Open Benasque 2021"]
[Site "Benasque ESP"]
[Date "2021.07.11"]
[Round "7.3"]
[White "Castellanos Rodriguez, Renier"]
[Black "Thybo, Jesper Sondergaard"]
[Result "0-1"]
[WhiteElo "2479"]
[BlackElo "2575"]
[PlyCount "70"]
[EventDate "2021.07.05"]
[EventType "swiss"]
[EventRounds "9"]
[EventCountry "ESP"]
[SourceTitle "Ajedrez en Madrid"]
[Source "lmi"]
[SourceDate "2021.07.05"]
[SourceVersion "1"]
[SourceVersionDate "2021.07.12"]
[SourceQuality "1"]

1. e4 e5 2. Nf3 Nc6 3. Bb5 Nf6 4. O-O Nxe4 5. Re1 Nd6 6. Nxe5 Be7 7. Bf1 Nxe5
8. Rxe5 O-O 9. Nc3 Ne8 10. Nd5 Bd6 11. Re1 c6 12. Ne3 Be7 13. d4 d5 14. c4 dxc4
15. d5 cxd5 16. Nxd5 Bc5 17. Qh5 Be6 18. Rd1 Bxd5 19. Rxd5 Bxf2+ 20. Kh1 Qb6
21. Qf5 Bd4 22. Bf4 Nf6 23. Rb5 Qc6 24. Rb4 g6 25. Qb5 Qe4 26. Qxc4 Rad8 27.
Bg5 Ng4 28. Bxd8 Nf2+ 29. Kg1 Nh3+ 30. Kh1 Nf2+ 31. Kg1 Rxd8 32. Qc7 Qh4 33.
Rc4 b5 34. Rc2 Bb6 35. g3 Qe4 0-1

[Event "40. Open Benasque 2021"]
[Site "Benasque ESP"]
[Date "2021.07.11"]
[Round "7.4"]
[White "Forcen Esteban, Daniel"]
[Black "Barbot, Pierre"]
[Result "1-0"]
[WhiteElo "2566"]
[BlackElo "2443"]
[PlyCount "53"]
[EventDate "2021.07.05"]
[EventType "swiss"]
[EventRounds "9"]
[EventCountry "ESP"]
[SourceTitle "Ajedrez en Madrid"]
[Source "lmi"]
[SourceDate "2021.07.05"]
[SourceVersion "1"]
[SourceVersionDate "2021.07.12"]
[SourceQuality "1"]

1. e4 e5 2. Nf3 Nc6 3. Bb5 a6 4. Ba4 Nf6 5. O-O Be7 6. Bxc6 dxc6 7. d3 Nd7 8.
Nbd2 O-O 9. Nc4 f6 10. Ne3 Re8 11. Nf5 Bf8 12. N3h4 Nc5 13. Qg4 Be6 14. f4 exf4
15. Bxf4 Qd7 16. Be3 b6 17. Rf3 Nb7 18. Raf1 Nd6 19. Rg3 Rad8 20. b3 Nxf5 21.
Nxf5 Kh8 22. Rh3 Bf7 23. Rff3 Bg8 24. Qg6 Qe6 25. Rh4 Rd7 26. Rfh3 h6 27. Nxh6
1-0

[Event "40. Open Benasque 2021"]
[Site "Benasque ESP"]
[Date "2021.07.11"]
[Round "7.5"]
[White "Sosa, Tomas"]
[Black "Loiseau, Quentin"]
[Result "1/2-1/2"]
[WhiteElo "2541"]
[BlackElo "2459"]
[PlyCount "52"]
[EventDate "2021.07.05"]
[EventType "swiss"]
[EventRounds "9"]
[EventCountry "ESP"]
[SourceTitle "Ajedrez en Madrid"]
[Source "lmi"]
[SourceDate "2021.07.05"]
[SourceVersion "1"]
[SourceVersionDate "2021.07.12"]
[SourceQuality "1"]

1. e4 Nf6 2. e5 Nd5 3. d4 d6 4. c4 Nb6 5. exd6 cxd6 6. Nc3 g6 7. Be3 Bg7 8. Rc1
O-O 9. b3 d5 10. c5 e5 11. cxb6 Nc6 12. Nge2 exd4 13. Nxd4 Bxd4 14. Bxd4 Qh4
15. Bc5 Re8+ 16. Be2 axb6 17. g3 Qh3 18. Nxd5 Qg2 19. Rf1 bxc5 20. Nf6+ Kf8 21.
Nxe8 Bh3 22. Qd6+ Kxe8 23. Rc3 Rxa2 24. Re3+ Be6 25. Rxe6+ fxe6 26. Qxe6+ Kd8
1/2-1/2

[Event "40. Open Benasque 2021"]
[Site "Benasque ESP"]
[Date "2021.07.11"]
[Round "7.6"]
[White "Korpa, Bence"]
[Black "Merario Alarcon, Andres"]
[Result "1-0"]
[WhiteElo "2536"]
[BlackElo "2412"]
[PlyCount "133"]
[EventDate "2021.07.05"]
[EventType "swiss"]
[EventRounds "9"]
[EventCountry "ESP"]
[SourceTitle "Ajedrez en Madrid"]
[Source "lmi"]
[SourceDate "2021.07.05"]
[SourceVersion "1"]
[SourceVersionDate "2021.07.12"]
[SourceQuality "1"]

1. Nf3 d5 2. g3 Nf6 3. Bg2 e6 4. d3 Be7 5. Nbd2 O-O 6. e4 c5 7. O-O Nc6 8. Re1
dxe4 9. dxe4 e5 10. Nc4 Qc7 11. c3 Rd8 12. Qc2 Be6 13. Ne3 h6 14. h3 Rd7 15.
Nh2 Bf8 16. Nhg4 Nxg4 17. hxg4 Qa5 18. Qe2 Rad8 19. Nd5 Ne7 20. g5 hxg5 21.
Bxg5 f6 22. Bxf6 gxf6 23. Nxf6+ Kg7 24. Nxd7 Rxd7 25. Qh5 c4 26. Bh3 Bxh3 27.
Qxh3 Qb5 28. Rad1 Rd3 29. Rxd3 cxd3 30. Rd1 Ng6 31. b3 Qc6 32. Qf5 Qxc3 33.
Qd7+ Be7 34. Qxd3 Qb2 35. Qd2 Qa3 36. Kg2 Qa6 37. Rc1 Qe6 38. f3 Qb6 39. Rh1
Qa6 40. a4 Bf6 41. Rc1 Qb6 42. b4 Be7 43. b5 a6 44. Rh1 Bf8 45. Qh6+ Kf6 46.
Qd2 axb5 47. axb5 Qxb5 48. Rh7 Qa6 49. f4 Qd6 50. Qxd6+ Bxd6 51. f5 Nf8 52.
Rh6+ Ke7 53. g4 b5 54. g5 Bc5 55. Rc6 Bd6 56. Rb6 b4 57. Kf3 Nd7 58. Rb7 Ke8
59. Kg4 Ke7 60. Kh5 Ke8 61. Kh6 Bf8+ 62. Kg6 Bd6 63. f6 Kd8 64. Kf7 Nc5 65.
Rxb4 Nd3 66. Rb6 Kc7 67. Rxd6 1-0